[Event "Super GM"]
[Site "Sofia BUL"]
[Date "2009.05.19"]
[Round "6"]
[White "Shirov, A."]
[Black "Ivanchuk, V."]
[Result "1-0"]
[WhiteElo "2745"]
[BlackElo "2746"]
[PlyCount "97"]
[EventDate "2009.05.13"]

1. e4 e5 2. Nf3 Nc6 3. Bb5 a6 4. Ba4 Nf6 5. O-O Nxe4 6. d4 b5 7. Bb3 d5 8. dxe5
Be6 9. Nbd2 Be7 10. Re1 Nc5 11. c3 d4 12. Bc2 O-O 13. cxd4 Nxd4 14. Nxd4 Qxd4
15. Nf3 Qxd1 16. Rxd1 Rfd8 17. Nd4 Bd5 18. Nf5 Bf8 19. Bg5 Rd7 20. Ne7+ Bxe7
21. Bxe7 Rxe7 22. Rxd5 Ne6 23. g3 g6 24. f4 c5 25. Kf2 Kg7 26. Rad1 c4 27. Ke3
f6 28. Rd7 Kf7 29. Be4 Rae8 30. Rxe7+ Rxe7 31. exf6 Kxf6 32. Rd6 Kg7 33. f5
gxf5 34. Bxf5 Nf8+ 35. Kd2 Re5 36. g4 a5 37. Ra6 a4 38. Rb6 Ng6 39. Kc3 Ne7 40.
Rb7 Kf6 41. Bxh7 Kg5 42. h3 Kf4 43. Rd7 Re2 44. a3 Nc6 45. Rf7+ Kg3 46. g5 Re3+
47. Kd2 Rb3 48. g6 Rxb2+ 49. Kc1 1-0